Normal view
MARC view
Entry Topical Term
001 - CONTROL NUMBER
- control field: 26176
003 - CONTROL NUMBER IDENTIFIER
- control field: ARRUPE
005 - DATE AND TIME OF LATEST TRANSACTION
- control field: 20160927091842.0
008 - FIXED-LENGTH DATA ELEMENTS
- fixed length control field: 160927|| aca||aabn | a|a d
040 ## - CATALOGING SOURCE
- Original cataloging agency: ARRUPE
- Transcribing agency: ARRUPE
150 ## - HEADING--TOPICAL TERM
- Topical term or geographic name as entry element: Sublime, The
670 ## - SOURCE DATA FOUND
- Source citation: Work cat.: (ARRUPE)49682: Hipple, Walter John 26174, The beautiful, the sublime the picturesque in eighteenth-century British aesthetic theory